Los juegos del hambre
Bewaard in:
| Hoofdauteur: | |
|---|---|
| Formaat: | Boek |
| Taal: | Spaans |
| Gepubliceerd in: |
Barcelona
RBA Libros
2015
|
| Editie: | 33a. ed |
| Reeks: | RBA Molinp
|
| Onderwerpen: | |
| Tags: |
Voeg label toe
Geen labels, Wees de eerste die dit record labelt!
|
MARC
| LEADER | 00000cam a2200000 a 4500 | ||
|---|---|---|---|
| 001 | UCD4145 | ||
| 003 | CL-VaPUC | ||
| 008 | 160623e20151100sp |||||||||||||||||spa|d | ||
| 020 | |a 9788427202122 | ||
| 082 | 0 | 4 | |a 813 |b COL |2 21 |
| 100 | 0 | |a Collins, Suzanne |e author |9 587765 | |
| 245 | 1 | 4 | |a Los juegos del hambre |
| 250 | |a 33a. ed | ||
| 300 | |a 396 p | ||
| 942 | |c BK | ||
| 945 | |d 20160623 20:48:00 |a arojas | ||
| 260 | |a Barcelona |b RBA Libros |c 2015 | ||
| 650 | 0 | |a Ficción narrativa |9 387672 | |
| 650 | 0 | |a Novelas estadounidenses |9 265217 | |
| 650 | 0 | |a Literatura estadounidense |9 317168 | |
| 583 | |a last modification |c 20160623 20:48:00 |k Rodrigo Vera | ||
| 490 | 0 | |a RBA Molinp | |
| 999 | |c 365087 |d 365085 | ||